000 01074nam a22003017i 4500
003 DO-SdBNP
005 20250204110419.0
007 ta
008 210902b2018 dr a||||r|||| 00| 0 eng d
020 _a9789945803457
040 _aDO-SdBNP
_bspa
_cBNPHU
_erda
082 4 _aRD861.44
_bD331d
_222
100 1 _aCruz, Santiago de la,
_d1961-
_eautor
_975112
245 1 0 _aDécimas sólo décimas /
_cSantiago de la Cruz ; prólogo, Antonio Taveras Mejía.
264 _aSanto Domingo :
_bSantuario,
_c2018.
300 _a189 páginas :
_bilustraciones ;
_c23 cm.
336 _2rdacontent
_atexto
_btxt
337 _2rdamedia
_asin mediación
_bn
338 _2rdacarrier
_avolumen
_bnc
500 _aIncluye datos biográficos del autor en las solapas
590 _aInventariado, 2021 /LP
590 _aLa biblioteca posee 1 ejemplar autografiado por el autor
650 4 _aPoesía dominicana
650 4 _aLiteratura dominicana
700 _aTaveras Mejía, Antonio,
_eprólogo
_96478
910 _aLopérez/Validado. Control de calidad MFF
942 _2ddc
_cLBS1
999 _c50379
_d50379